000 00856nam a2200253 4500
003
005 20160904142330.0
008
020 _a9788492660513
040 _cSJDS
041 _aspa
100 _aFerrari, Alessandro
245 _aAlicia en la país de las maravillas :
_bnovela gráfica /
_cadaptación de la película de Tim Burton ; [adaptación manuscrito Alessandro Ferrari ; diseño, limpieza y tinta, Massimiliano Narciso]
246 _aDisney Alicia en la país de las maravillas :
260 _aMadrid :
_bLibros Disney,
_c2010
300 _a95 p. :
_bmostly color illustrations ;
_c26 cm
500 _aOriginal title: Alice in Wonderland
500 _aPreceding the title: Disney
700 _aBurton, Tim
700 _aNarciso, Massimiliano
710 _aDisney
740 _aAlice in Wonderland
942 _cBK
_2ddc
999 _c16178
_d16178